Los Carmelitas (Record no. 172065)

MARC details
000 -LEADER
campo de control de longitud fija 00973nam a2200229 i 4500
001 - NÚMERO DE CONTROL
campo de control 172065
003 - IDENTIFICADOR DE NÚMERO DE CONTROL
campo de control ES-MaACL
005 - FECHA Y HORA DE LA ÚLTIMA TRANSACCIÓN
campo de control 20250808062825.0
008 - DATOS DE LONGITUD FIJA--INFORMACIÓN GENERAL
campo de control de longitud fija 090612s1990 sp |||| | spa d
020 ## - NÚMERO INTERNACIONAL ESTÁNDAR DEL LIBRO
Número Internacional Estándar del Libro 84-7914-011-9
100 1# - ENTRADA PRINCIPAL--NOMBRE DE PERSONA
Nombre de persona Smet, Joaquín.
9 (RLIN) 106822
245 14 - MENCIÓN DEL TÍTULO
Título Los Carmelitas
Resto del título : historia de la Orden del Carmen.
Número de parte o sección de la obra II,
Nombre de parte o sección de la obra Las reformas, en busca de la autenticidad (1563-1750) /
Mención de responsabilidad, etc. Joaquín Smet ; traducción y preparación de la edición española por Antonio Ruiz Molina.
260 ## - PUBLICACIÓN, DISTRIBUCIÓN, ETC.
Lugar de publicación, distribución, etc. Madrid :
Nombre del editor, distribuidor, etc. Biblioteca de Autores Cristianos,
Fecha de publicación, distribución, etc. 1990.
300 ## - DESCRIPCIÓN FÍSICA
Extensión L, 656 p. ;
Dimensiones 20 cm.
490 1# - MENCIÓN DE SERIE
Mención de serie Biblioteca de Autores Cristianos ;
Designación de volumen o secuencia 510
536 ## - NOTA DE INFORMACIÓN SOBRE LA FINANCIACIÓN
Texto de la nota Obra patrocinada por la Conferencia de Superiores y Superioras Mayores Carmelitas de la Región Ibérica
610 2# - PUNTO DE ACCESO ADICIONAL DE MATERIA--NOMBRE DE ENTIDAD CORPORATIVA
Nombre de entidad corporativa o nombre de jurisdicción como elemento de entrada Carmelitas-
Subdivisión de forma Historia.
9 (RLIN) 2444
700 1# - ENTRADA AGREGADA--NOMBRE PERSONAL
Nombre de persona Ruiz Molina, Antonio.
9 (RLIN) 100877
830 00 - PUNTO DE ACCESO ADICIONAL DE SERIE-TÍTULO UNIFORME
Título uniforme Biblioteca de autores cristianos
Designación de volumen o secuencia 510
9 (RLIN) 178679
852 ## - LOCALIZACIÓN
Ubicación ES-MaACL
Número de control de estantería J-497
Holdings
Estatus retirado Estado de pérdida Estado de daño No para préstamo Biblioteca de origen Biblioteca actual Ubicación en estantería Fecha de adquisición Fuente de adquisición Total de préstamos Signatura topográfica completa Código de barras Visto por última vez Precio de reemplazo Tipo de ítem Koha
        Biblioteca del Ateneo de Madrid Biblioteca del Ateneo de Madrid Depósito 2 12/06/2009     J-497 1180571 23/02/2023 23/02/2023 Libro impreso